Multiphase reactor and polymerization system hydrodynamics / (Record no. 11935)
[ view plain ]
| 000 -LEADER | |
|---|---|
| fixed length control field | 01409cam a2200301 a 4500 |
| 001 - CONTROL NUMBER | |
| control field | 3036028 |
| 005 - DATE AND TIME OF LATEST TRANSACTION | |
| control field | 20041223072827.0 |
| 008 - FIXED-LENGTH DATA ELEMENTS--GENERAL INFORMATION | |
| fixed length control field | 951204s1996 txua b 001 0 eng |
| 010 ## - LIBRARY OF CONGRESS CONTROL NUMBER | |
| LC control number | 95051777 |
| 020 ## - INTERNATIONAL STANDARD BOOK NUMBER | |
| International Standard Book Number | 0884154971 (acidfree paper) |
| 040 ## - CATALOGING SOURCE | |
| Original cataloging agency | DLC |
| Transcribing agency | DLC |
| Modifying agency | DLC |
| 050 00 - LIBRARY OF CONGRESS CALL NUMBER | |
| Classification number | TP1092 |
| Item number | .M85 1996 |
| 082 00 - DEWEY DECIMAL CLASSIFICATION NUMBER | |
| Classification number | 668.9 |
| Edition number | 22 |
| Item number | MUL |
| 245 00 - TITLE STATEMENT | |
| Title | Multiphase reactor and polymerization system hydrodynamics / |
| Statement of responsibility, etc | Nicholas P. Cheremisinoff, editor ; in collaboration with M. Abid ... [et al.]. |
| 260 ## - PUBLICATION, DISTRIBUTION, ETC. (IMPRINT) | |
| Place of publication, distribution, etc | Houston, Tex. : |
| Name of publisher, distributor, etc | Gulf Pub., |
| Date of publication, distribution, etc | c1996. |
| 300 ## - PHYSICAL DESCRIPTION | |
| Extent | xii, 772 p. : |
| Other physical details | ill. ; |
| Dimensions | 24 cm. |
| 440 #0 - | |
| -- | Advances in engineering fluid mechanics series |
| -- | 6588 |
| 504 ## - BIBLIOGRAPHY, ETC. NOTE | |
| Bibliography, etc | Includes bibliographical references and index. |
| 650 #0 - SUBJECT ADDED ENTRY--TOPICAL TERM | |
| Topical term or geographic name as entry element | Polymers |
| General subdivision | Rheology. |
| 9 (RLIN) | 6589 |
| 650 #0 - SUBJECT ADDED ENTRY--TOPICAL TERM | |
| Topical term or geographic name as entry element | Hydrodynamics. |
| 9 (RLIN) | 6590 |
| 700 1# - ADDED ENTRY--PERSONAL NAME | |
| Personal name | Cheremisinoff, Nicholas P. |
| 9 (RLIN) | 6591 |
| 700 1# - ADDED ENTRY--PERSONAL NAME | |
| Personal name | Abid, M. |
| Fuller form of name | (Mohammed) |
| 9 (RLIN) | 6592 |
| 856 41 - ELECTRONIC LOCATION AND ACCESS | |
| Materials specified | Table of contents |
| Uniform Resource Identifier | <a href="http://www.loc.gov/catdir/toc/els051/95051777.html">http://www.loc.gov/catdir/toc/els051/95051777.html</a> |
| 856 42 - ELECTRONIC LOCATION AND ACCESS | |
| Materials specified | Publisher description |
| Uniform Resource Identifier | <a href="http://www.loc.gov/catdir/description/els032/95051777.html">http://www.loc.gov/catdir/description/els032/95051777.html</a> |
| 942 ## - ADDED ENTRY ELEMENTS (KOHA) | |
| Source of classification or shelving scheme | Dewey Decimal Classification |
| Item type | Book - Borrowing |
| Withdrawn status | Item status | Source of classification or shelving scheme | Damaged status | Not for loan | Vendor | Home library | Current library | Shelving location | Date acquired | Source of acquisition | Cost, normal purchase price | Total Checkouts | Full call number | Barcode | Date last seen | Koha item type |
|---|---|---|---|---|---|---|---|---|---|---|---|---|---|---|---|---|
| Dewey Decimal Classification | Alef-Baa | Central Library | Central Library | First floor | 22/06/2009 | 150.00 | 668.9 MUL | 000017024 | 15/07/2025 | Book - Borrowing |